| 000 | 00715nam a2200205 a 4500 | ||
|---|---|---|---|
| 001 | BRCA_6773 | ||
| 005 | 20190320205602.0 | ||
| 008 | 261011s1949----mx-#######---#000-0#spa-# | ||
| 041 | _aspa | ||
| 044 | _amx | ||
| 245 | 1 | 0 |
_aMemoria de la Secretaría de Hacienda y Crédito Público, 25 de mayo de 1911-22 de febrero de 1913 _cSecretaria de Hacienda y Crédito Público ; nota preeliminar de Ramón Beteta. |
| 260 |
_aMéxico _bSecretaria de Hacienda y Crédito Público _c1949 |
||
| 300 |
_a734 p. _c24 cm. |
||
| 500 | _aI135 | ||
| 650 | 1 | 4 |
_aFinanzas públicas _zMéxico _916897 |
| 651 | 4 |
_aMéxico _xPolítica económica _910395 |
|
| 700 | 1 |
_aBeteta, Ramón _f1901-1965 _916898 |
|
| 902 | _aGFM | ||
| 942 |
_2lcc _cB |
||
| 999 |
_c6456 _d6456 |
||